| 000 | 00356nam a2200133Ia 4500 | ||
|---|---|---|---|
| 008 | 210430s9999 xx 000 0 und d | ||
| 020 | _a9780387755762 | ||
| 082 | _a620.5C966N | ||
| 100 | _aZheng Cui | ||
| 245 |
_aNanofabrication Principles, Capabilities _cZheng Cui |
||
| 260 |
_aUSA _bBusiness Media LLC, USA _c2008 |
||
| 300 | _a343 | ||
| 942 |
_cBK _2ddc |
||
| 999 |
_c565121 _d565121 |
||